[Event "Bad Koenigshofen op 6th"]
[Site "Bad Koenigshofen"]
[Date "2007.12.29"]
[Round "7"]
[White "Janusic, Josip"]
[Black "Gehrig, Thomas"]
[Result "0-1"]
[WhiteElo "1865"]
[BlackElo "2063"]
[PlyCount "106"]
[EventDate "2007.12.26"]
[EventType "swiss"]
[EventRounds "7"]
[EventCountry "GER"]
[SourceTitle "CBM 122 Extra"]
[Source "ChessBase"]
[SourceDate "2008.03.04"]
[SourceVersion "1"]
[SourceVersionDate "2008.03.04"]
[SourceQuality "1"]

1. d4 Nf6 2. c4 e6 3. Nc3 d5 4. Nf3 h6 5. e3 Be7 6. Be2 c6 7. 0-0 Qc7 8. cxd5 exd5 9. Bd2 Be6 10. a3 Nbd7 11. Rc1 Ne4 12. Be1 h5 13. Qb3 Nxc3 14. Bxc3 a5 15. Qc2 Nf6 16. Ne5 Ne4 17. Bd3 f5 18. Ng6 Rh6 19. Nxe7 Qxe7 20. f3 Nd6 21. Bd2 g5 22. e4 dxe4 23. fxe4 f4 24. Qc5 Nc8 25. Qxe7+ Nxe7 26. Rc5 Rg6 27. Be2 b6 28. Rcc1 Rh6 29. Bf3 Rd8 30. Bc3 Bc4 31. Rfe1 g4 32. Be2 Be6 33. Rcd1 Bb3 34. Rc1 Rh7 35. Bd3 Rf7 36. Rf1 Kd7 37. Rf2 Rdf8 38. Re1 Ng6 39. e5 Nh4 40. Be4 f3 41. g3 Ng2 42. Rc1 h4 43. Bd2 Ba4 44. Bxc6+ Bxc6 45. e6+ Kxe6 46. Rxc6+ Kd5 47. Rxb6 hxg3 48. hxg3 Rh7 49. Rh6 Rxh6 50. Bxh6 Rh8 51. Bg7 Rc8 52. Be5 Ne3 53. Rd2 Rc1+ 0-1

[Event "Bad Zwesten op 8th"]
[Site "Bad Zwesten"]
[Date "2004.01.04"]
[Round "4"]
[White "Janusic, Josip"]
[Black "Hupe, Henning"]
[Result "1/2-1/2"]
[WhiteElo "1834"]
[BlackElo "2101"]
[PlyCount "73"]
[EventDate "2004.01.??"]
[EventType "swiss"]
[EventRounds "9"]
[EventCountry "GER"]
[SourceTitle "CBM 098 Extra"]
[Source "ChessBase"]
[SourceDate "2004.03.10"]
[SourceVersion "2"]
[SourceVersionDate "2004.03.10"]
[SourceQuality "1"]

1. d4 Nf6 2. Nf3 d6 3. e3 g6 4. Be2 Bg7 5. 0-0 0-0 6. c4 c6 7. Nc3 Qc7 8. e4 e5 9. d5 c5 10. Bg5 Ne8 11. Qd2 f5 12. Bh6 f4 13. Bxg7 Nxg7 14. h3 Qe7 15. Kh2 g5 16. Rh1 h5 17. Kg1 a6 18. a3 Nd7 19. b4 b6 20. Qd1 Qf6 21. Nh2 Qg6 22. Rb1 Nf6 23. f3 Nge8 24. Na4 Nd7 25. bxc5 bxc5 26. Nb6 Nxb6 27. Rxb6 Qf6 28. Kf2 Qd8 29. Qb3 Nf6 30. Rb1 g4 31. hxg4 hxg4 32. Ke1 g3 33. Nf1 Ra7 34. Nd2 Rh7 35. Kd1 Rh2 36. Bf1 Qc7 37. Kc2 1/2-1/2

[Event "Bad Zwesten op 7th"]
[Site "Bad Zwesten"]
[Date "2003.??.??"]
[Round "3"]
[White "Janusic, Josip"]
[Black "Tippmann, Petra"]
[Result "1-0"]
[WhiteElo "1772"]
[BlackElo "1599"]
[PlyCount "73"]
[EventDate "2003.01.02"]
[EventType "swiss"]
[EventRounds "9"]
[EventCountry "GER"]
[SourceTitle "CBM 092 Extra"]
[Source "ChessBase"]
[SourceDate "2003.03.07"]
[SourceVersion "1"]
[SourceVersionDate "2003.03.07"]
[SourceQuality "1"]

1. d4 d5 2. Nf3 Nf6 3. g3 g6 4. Bg2 Bg7 5. 0-0 0-0 6. Nc3 Nbd7 7. Bf4 a6 8. Qd2 b5 9. a4 c6 10. axb5 Bb7 11. bxc6 Bxc6 12. Ne5 Bb7 13. Nxd7 Qxd7 14. Na4 Qb5 15. Nc5 Bc6 16. b3 Rfc8 17. Rfe1 e6 18. e3 Bf8 19. Bf1 Qb6 20. Bxa6 Rd8 21. Bg5 Be7 22. Bd3 Qc7 23. Rxa8 Rxa8 24. b4 Qb6 25. c3 Ra3 26. Rb1 Bb5 27. Bxb5 Qxb5 28. Qb2 Ra7 29. Ra1 Rxa1+ 30. Qxa1 Kg7 31. Bxf6+ Bxf6 32. Qa6 Qe8 33. b5 e5 34. b6 exd4 35. cxd4 Be7 36. b7 Qb8 37. Nd7 1-0

[Event "Bad Zwesten op 7th"]
[Site "Bad Zwesten"]
[Date "2003.??.??"]
[Round "8"]
[White "Noble, Fabian"]
[Black "Janusic, Josip"]
[Result "1-0"]
[WhiteElo "2063"]
[BlackElo "1772"]
[PlyCount "77"]
[EventDate "2003.01.02"]
[EventType "swiss"]
[EventRounds "9"]
[EventCountry "GER"]
[SourceTitle "CBM 092 Extra"]
[Source "ChessBase"]
[SourceDate "2003.03.07"]
[SourceVersion "1"]
[SourceVersionDate "2003.03.07"]
[SourceQuality "1"]

1. e4 e5 2. Bc4 Nf6 3. Nf3 Nc6 4. Ng5 d5 5. exd5 Nxd5 6. d4 Be7 7. dxe5 Bxg5 8. Bxd5 0-0 9. f4 Bh6 10. 0-0 Qe7 11. Bxc6 bxc6 12. Qf3 Qc5+ 13. Qf2 Qb4 14. b3 Rd8 15. c4 Bf5 16. Bd2 Qb6 17. Be3 Qa5 18. Nd2 Rd3 19. Nf3 Be4 20. Rfd1 Rad8 21. Rxd3 Rxd3 22. Re1 Bxf3 23. gxf3 Qc3 24. Rc1 Qb4 25. Qe2 Rd8 26. Rd1 Qe7 27. Rxd8+ Qxd8 28. Qd2 Qh4 29. Bf2 Bxf4 30. Bxh4 Bxd2 31. Bd8 Ba5 32. Be7 h6 33. b4 Bb6+ 34. c5 Kh7 35. cxb6 cxb6 36. Kf2 Kg6 37. Ke3 Kf5 38. Bd6 Ke6 39. Bf8 1-0

[Event "Bad Zwesten op 6th"]
[Site "Bad Zwesten"]
[Date "2002.01.09"]
[Round "8"]
[White "Janusic, Josip"]
[Black "Geske, Julian"]
[Result "1-0"]
[WhiteElo "1730"]
[BlackElo "1457"]
[PlyCount "65"]
[EventDate "2002.01.04"]
[EventType "swiss"]
[EventRounds "9"]
[EventCountry "GER"]
[SourceTitle "CBM 086 Extra"]
[Source "ChessBase"]
[SourceDate "2002.03.14"]
[SourceVersion "1"]
[SourceVersionDate "2002.03.14"]
[SourceQuality "1"]

1. d4 d5 2. c4 e6 3. Nf3 Nf6 4. Nc3 c6 5. e3 Nbd7 6. a3 a5 7. Bd2 Be7 8. Bd3 Nb6 9. c5 Nbd7 10. b4 0-0 11. 0-0 Re8 12. Qc2 g6 13. Ne2 axb4 14. axb4 Rxa1 15. Rxa1 Bf8 16. b5 e5 17. dxe5 Nxe5 18. Nxe5 Rxe5 19. Bc3 Re8 20. Bd4 Bg7 21. Qb2 Bd7 22. Ra7 Bc8 23. Nf4 Kh8 24. bxc6 bxc6 25. Rxf7 Rf8 26. Rxf8+ Qxf8 27. Bxg6 Kg8 28. Bd3 Ne8 29. h3 Qxc5 30. Bxh7+ Kh8 31. Bxg7+ Kxh7 32. Bd4 Qe7 33. Qc2+ 1-0

[Event "Bad Zwesten op 6th"]
[Site "Bad Zwesten"]
[Date "2002.01.05"]
[Round "2"]
[White "Zichler, Walter"]
[Black "Janusic, Josip"]
[Result "0-1"]
[WhiteElo "1389"]
[BlackElo "1730"]
[PlyCount "77"]
[EventDate "2002.01.04"]
[EventType "swiss"]
[EventRounds "9"]
[EventCountry "GER"]
[SourceTitle "CBM 086 Extra"]
[Source "ChessBase"]
[SourceDate "2002.03.14"]
[SourceVersion "1"]
[SourceVersionDate "2002.03.14"]
[SourceQuality "1"]

1. e4 e5 2. Nf3 d6 3. Bc4 Bg4 4. h3 Bh5 5. g4 Bg6 6. d3 Be7 7. Nc3 c6 8. h4 h6 9. h5 Bh7 10. Be3 b5 11. Nxb5 cxb5 12. Bxb5+ Nd7 13. Bc6 Rb8 14. b3 Qc7 15. Ba4 Ngf6 16. Nd2 d5 17. exd5 Nxd5 18. Nc4 Nc3 19. Bxd7+ Kxd7 20. Qf3 f6 21. Qh3 Ke8 22. 0-0 Bc5 23. Rfe1 Kf7 24. Qg2 Rhd8 25. Bd2 Bd4 26. Kf1 Kg8 27. a4 Qb7 28. f3 Kh8 29. Na5 Qd5 30. Nc4 Qc5 31. Rac1 Bg8 32. Re4 Nxe4 33. fxe4 Bxc4 34. bxc4 Be3 35. Ke2 Bxd2 36. Kxd2 Qb4+ 37. Ke3 Qxa4 38. Qf3 Qd7 39. Ra1 0-1